000 00284nam a22001217a 4500
020 _a9789350141243
082 _a006.3 GOS
100 _aGunjan Goswami
245 _aIntroduction To Artificial Intelligence
260 _aNew Delhi
_bKataria
_c2013
300 _a380p.
942 _cBK
999 _c490597
_d490597